[Event "RSA-ch U10 Girls"]
[Site "Waterkloof"]
[Date "2015.04.06"]
[Round "3"]
[White "Naidoo, Mira"]
[Black "Van den Bergh, Marilene"]
[Result "1-0"]
[WhiteElo "911"]
[BlackElo "995"]
[PlyCount "80"]
[EventDate "2015.04.04"]
[EventType "swiss"]
[EventRounds "9"]
[EventCountry "RSA"]
[SourceTitle "CBM 166 Extra"]
[Source "ChessBase"]
[SourceDate "2015.06.18"]
[SourceVersion "1"]
[SourceVersionDate "2015.06.18"]
[SourceQuality "1"]

1. d4 d6 2. Nf3 Nc6 3. Bf4 Nf6 4. e3 Nd5 5. Bg3 e6 6. Bd3 Be7 7. c3 0-0 8. 0-0 h6 9. Nbd2 Nf6 10. Ne4 e5 11. dxe5 Nxe4 12. Bxe4 Bg4 13. exd6 cxd6 14. h3 Bh5 15. Bd3 Ne5 16. Bxe5 dxe5 17. Be2 e4 18. Ne5 Bf6 19. Bxh5 Bxe5 20. Qxd8 Raxd8 21. Rad1 Rde8 22. Rd7 g6 23. Be2 Rb8 24. Bc4 Kh8 25. Bxf7 g5 26. Bg6 Bg7 27. Bxe4 Rfe8 28. Bf5 Re5 29. Bg6 Re6 30. Bb1 Kg8 31. Rfd1 Ree8 32. Bg6 Rf8 33. Re7 Rbd8 34. Bf7+ Kh7 35. Rxd8 Rxd8 36. Rxb7 Be5 37. Bb3+ Kg6 38. Rxa7 Kf5 39. g4+ Ke4 40. Ra4+ Kf3 1-0